000 01810cam a2200373 a 4500
001 1571758
003 OSt
005 20240625114722.0
008 101118s2011 enka b 001 0 eng
010 _a 2010046059
015 _aGBB0C7496
_2bnb
016 7 _a015678350
_2Uk
020 _a0131975315
040 _aMUST LIB
_cMUST
_dMUST
041 0 _aeng
042 _anlmcopyc
082 0 0 _a571.5
_220
_bWIL
100 1 _aJohn Wilson and Tim Hunt
_914139
245 1 0 _aMolecular Biology of the Cell/
_bA problem Approach.
250 _a4th ed.
260 _aNew York
_bGarland
_c2002
300 _axxii, 711p. :
_bill. (chiefly col.) ;
_c28 cm.
336 _atext
_btxt
_2rdacontent
337 _aunmediated
_bn
_2rdamedia
338 _avolume
_bnc
_2rdacarrier
504 _aIncludes bibliographical references and index.
505 0 _aIntroduction -- Genes, environment, and evolution -- The nervous and endocrine systems -- How the cells of the nervous system work -- The brain : basics of structure and role -- Development and plasticity -- Sensory systems : general principles -- Vision -- The other sensory systems -- The control of movement -- Learning and memory -- Emotion -- Stress and coping -- Pain -- Motivation -- Feeding and drinking -- Sexual behaviour -- Drugs and addiction -- Sleep and waking -- Cognition and action -- Brains, minds, and consciousness -- When things go wrong.
650 1 2 _aBehavior
_xphysiology
_0https://id.nlm.nih.gov/mesh/D001519Q000502
_914140
650 1 2 _aPsychophysiology
_0https://id.nlm.nih.gov/mesh/D011603
_93210
650 2 2 _aNervous System Physiological Phenomena
_0https://id.nlm.nih.gov/mesh/D009424
_914141
650 2 2 _aNeurobiology
_0https://id.nlm.nih.gov/mesh/D009446
_914142
942 _2ddc
_cO_SHELF
999 _c6996
_d6996